Les Illes flotants / Eugenio Barba ; amb un postfaci de Ferdinando Taviani ; traducció de Montserrat Ingla
Descripción Física:
252 p., [22] p. de làm. ; 21'5 cm
Colección:
monografies de teatre ; 12
Materias:
Teatre -- Història i crítica
MARC
| LEADER | 00000nam a2200000Ia 4500 | ||
|---|---|---|---|
| 001 | 6873 | ||
| 008 | 160829s1983 xx 000 0 cat d | ||
| 080 | |a B-1-170 | ||
| 100 | |a Barba, Eugenio |9 28133 | ||
| 245 | |a Les Illes flotants / Eugenio Barba ; amb un postfaci de Ferdinando Taviani ; traducció de Montserrat Ingla | ||
| 260 | |a Barcelona : |b Institut del Teatre : |b Edicions 62, |c 1983 | ||
| 300 | |a 252 p., [22] p. de làm. ; |c 21'5 cm | ||
| 490 | |a monografies de teatre ; 12 | ||
| 650 | |a Teatre |x Història i crítica |9 20928 | ||
| 700 | |a Taviani, Ferdinando |9 28134 | ||
| 700 | 1 | |a Ingla, Montserrat |9 28135 | |
| 710 | 1 | |a Institut del Teatre (Barcelona, Catalunya) |9 52662 | |
| 901 | |a Arxiu | ||
| 942 | |n 1 | ||
| 952 | |0 0 |1 0 |4 0 |6 B1170 |7 1 |9 44687 |a Arxiu |b Arxiu |d 2016-12-01 |l 0 |o B-1-170 |p 6873 |r 2016-12-01 00:00:00 |w 2016-12-01 |y ARXIU | ||
| 999 | |c 47268 |d 47268 | ||